[Event "XLII Abierto Internacional Ciudad de Se"]
[Site "Sevilla (SPAIN)"]
[Date "2017.01.14"]
[Round "2.8"]
[White "Vinal Gutierrez, Pedro"]
[Black "Lemos, Damian"]
[Result "0-1"]
[WhiteElo "2028"]
[BlackElo "2516"]
[PlyCount "64"]
[EventDate "2017.01.13"]

1. d4 Nf6 2. Nf3 g6 3. Bf4 Bg7 4. e3 O-O 5. h3 c5 6. c3 d6 7. Be2 Nc6 8. O-O
cxd4 9. cxd4 e5 10. dxe5 dxe5 11. Qxd8 Rxd8 12. Nxe5 Nd5 13. Nxc6 bxc6 14. Nc3
Nxf4 15. exf4 Rb8 16. Rfd1 Be6 17. Bf3 Rxd1+ {Diagrama [#]} 18. Rxd1 Rxb2 19.
Rd8+ Bf8 20. Bxc6 Rc2 21. Nd5 Kg7 22. Ba8 Rc1+ 23. Kh2 Rd1 24. g4 Bc5 25. f5
gxf5 26. gxf5 Bxf5 27. Re8 Bxf2 28. Re2 Bc5 29. Nc3 Rd3 30. Ne4 Bb6 31. Ng3 Bc7
32. Rg2 Be6 0-1

[Event "XLII Abierto Internacional Ciudad de Se"]
[Site "Sevilla (SPAIN)"]
[Date "2017.01.14"]
[Round "2.9"]
[White "Petkov, Vladimir"]
[Black "Callejas Rojas, Francisco Migu"]
[Result "1-0"]
[WhiteElo "2500"]
[BlackElo "2033"]
[PlyCount "123"]
[EventDate "2017.01.13"]

1. d4 e6 2. Bf4 Nf6 3. e3 c5 4. Nc3 a6 5. d5 d6 6. Nf3 e5 7. Bg5 Be7 8. a4 O-O
9. h4 Ne8 10. Bxe7 Qxe7 11. Nd2 b6 12. Nc4 Nd7 13. g4 f5 14. gxf5 Rxf5 15. Bd3
Rf8 16. Ne4 Rb8 17. c3 Ndf6 18. Ng5 h6 19. Bg6 Nc7 20. Ne4 Nxe4 21. Bxe4 Bf5
22. Qd3 Bxe4 23. Qxe4 b5 24. axb5 axb5 25. Nd2 Qf7 26. Qg2 Nxd5 27. Ne4 Rbd8
28. Rd1 Nf6 29. Nxd6 Qe7 30. Rg1 Ne8 31. Ne4 Rxd1+ 32. Kxd1 Nf6 33. Ke2 Nxe4
34. Qxe4 Qf7 35. f3 {Diagrama [#]} Qf5 36. Qxf5 Rxf5 37. Ra1 Rh5 38. Ra5 Rxh4
39. Rxb5 c4 40. e4 Rh2+ 41. Ke3 Kf7 42. Rxe5 Rxb2 43. Rc5 g6 44. Kf4 Rf2 45.
Rxc4 g5+ 46. Kg4 Rg2+ 47. Kf5 Rf2 48. Rc7+ Ke8 49. Ke6 Kd8 50. Rd7+ Kc8 51. Rd3
h5 52. Rd5 Rxf3 53. Rxg5 Rxc3 54. Rxh5 Rc6+ 55. Ke7 Rc7+ 56. Ke8 Rc4 57. e5 Re4
58. Ke7 Rg4 59. e6 Rf4 60. Rc5+ Kb7 61. Ke8 Re4 62. e7 1-0

[Event "XLII Abierto Internacional Ciudad de Se"]
[Site "Sevilla (SPAIN)"]
[Date "2017.01.14"]
[Round "2.10"]
[White "Planas Gene, Juan"]
[Black "Krysa, Leandro"]
[Result "1/2-1/2"]
[WhiteElo "2019"]
[BlackElo "2491"]
[PlyCount "69"]
[EventDate "2017.01.13"]

1. d4 Nf6 2. Nf3 g6 3. c4 Bg7 4. Nc3 d5 5. cxd5 Nxd5 6. e4 Nxc3 7. bxc3 c5 8.
Rb1 O-O 9. Be2 Nc6 10. d5 Bxc3+ 11. Bd2 Bxd2+ 12. Qxd2 Na5 13. h4 Bg4 14. h5
Bxf3 15. gxf3 e5 16. hxg6 fxg6 17. d6 b6 18. Qd5+ Kg7 19. Qxe5+ Qf6 20. Qh2 h5
21. Rg1 Nc6 22. Qxh5 Rad8 23. f4 Qc3+ 24. Kf1 Rxd6 25. e5 Qc2 26. Re1 Rd2 27.
Qh4 Nd4 28. Rh1 Kf7 29. Qf6+ Ke8 30. Rh8 Rxh8 31. Qxh8+ Kd7 32. Qg7+ Kc6 33.
Qf6+ Kb7 34. Qe7+ Kb8 35. Qe8+ {Diagrama [#]} 1/2-1/2

[Event "XLII Abierto Internacional Ciudad de Se"]
[Site "Sevilla (SPAIN)"]
[Date "2017.01.14"]
[Round "2.11"]
[White "Karthikeyan, P."]
[Black "Pulido Esteban, Francisco Dani"]
[Result "1-0"]
[WhiteElo "2488"]
[BlackElo "2024"]
[PlyCount "119"]
[EventDate "2017.01.13"]

1. Nf3 f5 2. g3 g6 3. d3 Nf6 4. Nbd2 Bg7 5. e4 d6 6. exf5 Bxf5 7. d4 O-O 8. Bg2
Qd7 9. O-O Nc6 10. c3 Nd8 11. Re1 Nf7 12. Qb3 c6 13. Ng5 d5 14. Nxf7 Rxf7 15.
Nf3 Ne4 16. Ng5 Nxg5 17. Bxg5 h6 18. Be3 Raf8 19. c4 e6 20. Rad1 g5 21. Rd2 Bg4
22. f4 gxf4 23. Bxf4 dxc4 24. Qxc4 Rxf4 25. gxf4 Rxf4 26. Re4 {Diagrama [#]}
Rxe4 27. Bxe4 Kh8 28. Qc5 Qd8 29. Qxa7 Bf5 30. Bxf5 exf5 31. Kf1 Qd5 32. Qb8+
Kh7 33. Qf4 Bf6 34. Rf2 Kg6 35. Qg3+ Bg5 36. Qf3 Qe6 37. Kg2 Qxa2 38. Qxf5+ Kg7
39. d5 Qxd5+ 40. Qxd5 cxd5 41. Rf5 d4 42. Rb5 d3 43. Kf3 d2 44. Ke2 Bf4 45.
Rxb7+ Kg6 46. h3 Kg5 47. Rg7+ Kf6 48. Rg4 Be5 49. b4 h5 50. Rc4 Ke6 51. Kxd2
Kd6 52. Kd3 Bg3 53. Ke4 h4 54. b5 Bf2 55. Rc6+ Kd7 56. Kd5 Bg3 57. b6 Bb8 58.
b7 Bc7 59. Rc4 Bg3 60. Rc1 1-0

[Event "XLII Abierto Internacional Ciudad de Se"]
[Site "Sevilla (SPAIN)"]
[Date "2017.01.14"]
[Round "2.12"]
[White "Carretero Martinez, Francisco"]
[Black "Deepan, Chakkravarthy J"]
[Result "0-1"]
[WhiteElo "2017"]
[BlackElo "2485"]
[PlyCount "66"]
[EventDate "2017.01.13"]

1. d4 Nf6 2. c4 e6 3. Nc3 Bb4 4. Qc2 Nc6 5. Nf3 d6 6. a3 Bxc3+ 7. Qxc3 a5 8.
Bg5 Qe7 9. Qc2 e5 10. d5 Nb8 11. Rc1 Nbd7 12. b4 axb4 13. axb4 h6 14. Bd2 e4
15. Nd4 Ne5 16. e3 O-O 17. h3 Ng6 18. Qb3 Bd7 {Diagrama [#]} 19. g4 Nh4 20. Rg1
Nh7 21. c5 Ng5 22. Be2 Ra7 23. Rg3 Rfa8 24. cxd6 cxd6 25. Bc3 Ra3 26. Qb1 Qf6
27. Nb5 Nhf3+ 28. Bxf3 Nxf3+ 29. Rxf3 Qxf3 30. Nxa3 Rxa3 31. Qb2 Bb5 32. Bxg7
Rxe3+ 33. fxe3 Qf1+ 0-1

[Event "XLII Abierto Internacional Ciudad de Se"]
[Site "Sevilla (SPAIN)"]
[Date "2017.01.14"]
[Round "2.13"]
[White "Stany, G.A."]
[Black "Ferrer Freyre, David"]
[Result "1-0"]
[WhiteElo "2485"]
[BlackElo "2019"]
[PlyCount "61"]
[EventDate "2017.01.13"]

1. e4 c5 2. Nf3 d6 3. d4 cxd4 4. Nxd4 Nf6 5. Nc3 e6 6. Be3 Be7 7. f3 Nc6 8. Qd2
a6 9. O-O-O Nxd4 10. Bxd4 Qa5 11. Kb1 e5 12. Be3 Be6 13. Qf2 Qc7 14. g4 h6 15.
h4 b5 16. Rg1 b4 17. Nd5 {Diagrama [#]} Bxd5 18. exd5 Qb7 19. Bd3 Nd7 20. g5
hxg5 21. hxg5 a5 22. Qe2 a4 23. Bb5 Ra5 24. Bc6 Qb8 25. Rg4 b3 26. a3 Kd8 27.
Rb4 bxc2+ 28. Qxc2 Qc8 29. Rb7 Nc5 30. Bxc5 Rxc5 31. Qxa4 1-0

[Event "XLII Abierto Internacional Ciudad de Se"]
[Site "Sevilla (SPAIN)"]
[Date "2017.01.14"]
[Round "2.14"]
[White "Probst, Alexander"]
[Black "Ulybin, Mikhail"]
[Result "0-1"]
[WhiteElo "2008"]
[BlackElo "2483"]
[PlyCount "146"]
[EventDate "2017.01.13"]

1. e4 e6 2. d4 d5 3. Nd2 Nf6 4. e5 Nfd7 5. Bd3 c5 6. c3 Nc6 7. Ne2 cxd4 8. cxd4
f6 9. exf6 Qxf6 10. Nf3 h6 11. O-O Bd6 12. Ng3 O-O 13. Bb1 Rf7 14. Nh5 Qe7 15.
Bg6 {Diagrama [#]} Rxf3 16. Qxf3 Nxd4 17. Qd1 Ne5 18. Qxd4 Nxg6 19. Be3 b6 20.
Nf4 Nh4 21. Nxd5 exd5 22. Qxd5+ Kh7 23. Rad1 Nf5 24. Rfe1 Qe5 25. g3 Qxd5 26.
Rxd5 Bb4 27. Bd2 Bxd2 28. Rxd2 Bb7 29. Rd7 Bf3 30. h3 h5 31. Rc1 a5 32. Rc3 Be4
33. g4 Nh4 34. Kh2 Rf8 35. Kg3 Nf3 36. gxh5 Ng1 37. Re3 Bf3 38. Ree7 Kh6 39.
Rd6+ Kxh5 40. Rxg7 Ne2+ 41. Kh2 Be4 42. Rg2 Bxg2 43. Kxg2 b5 44. Rd5+ Kh4 45.
Rxb5 Nf4+ 46. Kf3 Nxh3+ 47. Ke3 Re8+ 48. Kf3 Ng5+ 49. Kg2 a4 50. b3 a3 51. Ra5
Re2 52. Rxa3 Kg4 53. Ra4+ Kf5 54. Ra5+ Kf4 55. Ra8 Rb2 56. Ra4+ Ne4 57. Ra8
Rxf2+ 58. Kg1 Rb2 59. a4 Ng5 60. Kf1 Nf3 61. Rf8+ Ke3 62. Re8+ Kd3 63. a5 Nd2+
64. Ke1 Ra2 65. b4 Ne4 66. Kf1 Nc3 67. Re6 Nd5 68. b5 Rxa5 69. b6 Rb5 70. Rd6
Ke3 71. b7 Nf4 72. Kg1 Kf3 73. Rf6 Kg3 0-1

[Event "XLII Abierto Internacional Ciudad de Se"]
[Site "Sevilla (SPAIN)"]
[Date "2017.01.14"]
[Round "2.15"]
[White "Fernandez Romero, Ernesto"]
[Black "Hurtado Rueda, Manuel"]
[Result "1-0"]
[WhiteElo "2473"]
[BlackElo "2009"]
[PlyCount "29"]
[EventDate "2017.01.13"]

1. e4 e6 2. d4 b6 3. Nf3 Bb7 4. Bd3 c5 5. c3 cxd4 6. cxd4 Nf6 7. Qe2 Nc6 8. Nc3
{Diagrama [#]} d6 9. d5 Nb8 10. Bb5+ Nbd7 11. dxe6 fxe6 12. e5 Bxf3 13. Qxf3
dxe5 14. Bg5 Rc8 15. O-O-O 1-0

[Event "XLII Abierto Internacional Ciudad de Se"]
[Site "Sevilla (SPAIN)"]
[Date "2017.01.14"]
[Round "2.16"]
[White "Chacon Perez, Juan"]
[Black "Moroni, Luca Jr"]
[Result "1-0"]
[WhiteElo "2002"]
[BlackElo "2468"]
[PlyCount "157"]
[EventDate "2017.01.13"]

1. e4 e6 2. d4 d5 3. Nc3 Nf6 4. e5 Nfd7 5. f4 c5 6. Nf3 Nc6 7. Be3 Be7 8. Qd2
O-O 9. Be2 a6 10. O-O b5 11. a3 Bb7 12. Nd1 cxd4 13. Nxd4 Qc7 14. Bd3 Nc5 15.
Nxc6 Qxc6 16. Bd4 a5 17. f5 exf5 18. Bxf5 Ne4 19. Qe3 h6 20. Bxe4 dxe4 21. c3
b4 22. axb4 axb4 23. Rxa8 Rxa8 24. Qf4 Qg6 25. Ne3 bxc3 26. bxc3 Bc8 27. Nf5
Bg5 28. Qxe4 Ra6 29. Ng3 Qe6 30. Qf5 Qc4 31. e6 Bxe6 32. Qe5 f6 33. Qb8+ Kh7
34. Qb1+ Kh8 35. Qb8+ Bg8 36. Nf5 Qf7 37. h4 Bd2 38. Qg3 {Diagrama [#]} Qb7 39.
Nd6 Qe7 40. Nf5 Qd7 41. Nxg7 Qxg7 42. Qd3 Bd5 43. Qxd2 Be4 44. Rf2 Kh7 45. Qf4
Qg6 46. Bxf6 Ra8 47. Qc7+ Kg8 48. Bd4 Rf8 49. Rxf8+ Kxf8 50. Qd8+ Kf7 51. Qd7+
Kg8 52. g4 h5 53. g5 Bc6 54. Qd8+ Be8 55. Qd5+ Bf7 56. Qd8+ Be8 57. Qf6 Qb1+
58. Kf2 Qc2+ 59. Kg3 Qd3+ 60. Qf3 Qb5 61. Qf6 Bc6 62. Qe6+ Kf8 63. Qd6+ Ke8 64.
Qe6+ Kf8 65. Qd6+ Ke8 $2 66. Qe5+ Qxe5+ 67. Bxe5 Kf7 68. c4 Be8 69. Kf4 Ke6 70.
c5 Kd5 71. Kf5 Kxc5 72. g6 Kd5 73. g7 Bf7 74. Kf6 Bg8 75. Bg3 Ke4 76. Ke7 Kf3
77. Kf8 Bb3 78. Bd6 Kg4 79. Be7 1-0

[Event "XLII Abierto Internacional Ciudad de Se"]
[Site "Sevilla (SPAIN)"]
[Date "2017.01.14"]
[Round "2.17"]
[White "Basso, Pier Luigi"]
[Black "Morales Barrera, Raul"]
[Result "1-0"]
[WhiteElo "2448"]
[BlackElo "1992"]
[PlyCount "51"]
[EventDate "2017.01.13"]

1. e4 Nf6 2. e5 Nd5 3. d4 d6 4. Nf3 dxe5 5. Nxe5 c6 6. Be2 Bf5 7. g4 Bg6 8. h4
Nb4 9. Na3 Be4 10. f3 Bd5 11. c3 f6 12. Nec4 N4a6 13. Nc2 Qc7 14. Kf2 Nd7 15.
N4e3 Bf7 16. Qf1 Nab8 17. Bc4 Bxc4 18. Qxc4 Nb6 19. Qe2 N8d7 20. a4 a5 21. h5
e5 22. Kg2 Bd6 23. dxe5 fxe5 24. Nd4 {Diagrama [#]} Nf6 25. Ne6 Qf7 26. Nf5 1-0

[Event "XLII Abierto Internacional Ciudad de Se"]
[Site "Sevilla (SPAIN)"]
[Date "2017.01.14"]
[Round "2.18"]
[White "Vela Ignacio*, Jose Manuel"]
[Black "Campora, Daniel H"]
[Result "0-1"]
[WhiteElo "1993"]
[BlackElo "2443"]
[PlyCount "60"]
[EventDate "2017.01.13"]

1. e4 e5 2. Nf3 Nc6 3. Bc4 Bc5 4. b4 Bb6 5. O-O d6 6. c3 Nf6 7. d3 O-O 8. Bg5
h6 9. Bh4 a5 10. b5 Ne7 11. Bxf6 gxf6 12. Nh4 c6 13. bxc6 bxc6 14. Qh5 Kg7 15.
Nd2 d5 16. exd5 cxd5 {Diagrama [#]} 17. Bb3 Ng6 18. c4 a4 19. Bc2 Bd4 20. Rad1
Nf4 21. Nf5+ Bxf5 22. Qxf5 Qc8 23. Qxc8 Rfxc8 24. Bb1 Rab8 25. g3 Ne2+ 26. Kg2
Rb2 27. Nf3 Rcb8 28. Nxd4 exd4 29. cxd5 Nc3 30. d6 Nxd1 0-1

[Event "XLII Abierto Internacional Ciudad de Se"]
[Site "Sevilla (SPAIN)"]
[Date "2017.01.14"]
[Round "2.19"]
[White "Harutjunyan, Gevorg"]
[Black "Calvo Gomez-Alvarez, Juan Pedr"]
[Result "1-0"]
[WhiteElo "2437"]
[BlackElo "1977"]
[PlyCount "35"]
[EventDate "2017.01.13"]

1. Nf3 f5 2. d4 Nf6 3. g3 g6 4. c3 Bg7 5. Qb3 e6 6. Bg2 O-O 7. a4 d6 8. a5 Na6
9. O-O c6 10. Nbd2 Qe7 11. Qa3 Nc7 12. Re1 Bh6 13. e4 {Diagrama [#]} f4 14. e5
Nfe8 15. Ne4 Nb5 16. Qb4 Bd7 17. c4 Nxd4 18. Nxd4 1-0

[Event "XLII Abierto Internacional Ciudad de Se"]
[Site "Sevilla (SPAIN)"]
[Date "2017.01.14"]
[Round "2.20"]
[White "Ramirez Guerrero, Enrique"]
[Black "Perez Mitjans, Orelvis"]
[Result "0-1"]
[WhiteElo "1989"]
[BlackElo "2427"]
[PlyCount "60"]
[EventDate "2017.01.13"]

1. d4 d5 2. c4 c6 3. cxd5 cxd5 4. Bf4 Nc6 5. e3 Nf6 6. Nc3 e6 7. Bd3 Be7 8. h3
a6 9. Nf3 b5 10. O-O O-O 11. Rc1 Bb7 12. Ne5 Rc8 13. Ng4 Nd7 {Diagrama [#]} 14.
Nh6+ gxh6 15. Bxh6 Kh8 16. Bxf8 Qxf8 17. a4 b4 18. Ne2 Nf6 19. Ng3 Qh6 20. Qe2
Ra8 21. Rc2 Bd6 22. Rfc1 Na5 23. f4 Rg8 24. Nf1 b3 25. Bxa6 bxc2 26. Bxb7 Nxb7
27. Qa6 Qg6 28. g3 Nh5 29. g4 Nxf4 30. exf4 Bxf4 0-1

[Event "XLII Abierto Internacional Ciudad de Se"]
[Site "Sevilla (SPAIN)"]
[Date "2017.01.15"]
[Round "3.1"]
[White "Melero Fidalgo, Juan De Dios"]
[Black "Parligras, Mircea"]
[Result "0-1"]
[WhiteElo "2340"]
[BlackElo "2605"]
[PlyCount "76"]
[EventDate "2017.01.13"]

1. e4 e5 2. Nf3 Nc6 3. Bb5 a6 4. Ba4 d6 5. d4 exd4 $6 {Diagrama [#]} (5... b5
$142 6. Bb3 Nxd4 7. Nxd4 exd4 8. a4 Bb7 9. axb5 axb5 10. Rxa8 Bxa8 11. Qd3 Qd7
$11) 6. Nxd4 Bd7 7. Bxc6 bxc6 8. O-O Be7 9. Nc3 Bf6 10. Qd3 Ne7 11. f4 O-O 12.
Nf3 Ng6 13. Ne2 (13. f5 $142 Ne5 14. Nxe5 Bxe5 15. Bf4 Qe7 16. Bxe5 Qxe5 $11)
13... Re8 14. Ng3 Rb8 15. c3 c5 16. a4 a5 17. Nd2 Bc6 18. Nc4 Bh4 19. e5 (19.
Nxa5 $142 Ba8 20. b3 Bxg3 21. Qxg3 Rxe4 $15) 19... dxe5 $6 20. Qxd8 Rbxd8 $6 (
20... Bxd8 $142 21. f5 Nh4 $17) 21. Nxa5 Ba8 22. fxe5 $6 (22. f5 $142 Ne7 23.
Nc4 Bb7 24. Nxe5 f6 $11 25. Nf3 $11) 22... Rxe5 23. Bf4 (23. Nc4 $142 Re6 24.
a5 $15) 23... Nxf4 24. Rxf4 Bg5 25. Rf5 Rxf5 26. Nxf5 Rd2 27. g3 Rg2+ 28. Kf1
Rxh2 29. Re1 Rh1+ 30. Kf2 Rxe1 31. Kxe1 Be4 32. Nh4 Bc1 33. Nb3 Bxb2 34. Kd2
Ba3 35. g4 $6 (35. Na5 g5 36. Nc4 gxh4 37. gxh4 $19) 35... g6 36. a5 Bb7 37.
Na1 $2 (37. Ke3 c4 38. Nd4 Bc1+ 39. Ke2 $19) 37... c4 38. Nc2 Be7 0-1

[Event "XLII Abierto Internacional Ciudad de Se"]
[Site "Sevilla (SPAIN)"]
[Date "2017.01.15"]
[Round "3.2"]
[White "Santos Latasa, Jaime"]
[Black "Piasetski, Leon"]
[Result "1-0"]
[WhiteElo "2566"]
[BlackElo "2327"]
[PlyCount "91"]
[EventDate "2017.01.13"]

1. d4 g6 2. c4 Bg7 3. e4 Nc6 4. Nf3 e5 5. Bg5 f6 6. Be3 $14 exd4 7. Nxd4 Nge7
8. Nc3 d6 9. c5 dxc5 10. Nxc6 Nxc6 11. Bxc5 Bf8 12. Be3 Bd6 13. Bc4 Ne5 14. Be2
c6 15. O-O Qe7 16. f4 Bc5 17. Bxc5 Qxc5+ 18. Kh1 Nf7 19. Qb3 Qe7 20. Bc4 b5 21.
Bxf7+ Qxf7 22. Qb4 Qe7 23. a3 a5 24. Qd4 Kf7 25. f5 Rd8 26. Qe3 Kg7 $11 27.
fxg6 hxg6 28. Ne2 Bd7 29. Nd4 c5 30. Nf3 Be8 31. Rae1 c4 32. e5 f5 33. e6 Rd5
34. Rd1 Rad8 35. Rxd5 Rxd5 36. Re1 b4 37. axb4 axb4 38. h3 {Diagrama [#]} Qf6
$6 {Mejor:} (38... Qc5 39. Qf4 c3 40. Qb8 Qe7 41. bxc3 bxc3 42. Rc1 Rc5 $11)
39. Qa7+ Kh6 40. Qb8 Qe7 41. Qf4+ g5 42. Qxc4 Qc5 43. Qe2 g4 44. hxg4 Bb5 $2
45. g5+ Kg7 46. e7 1-0

[Event "XLII Abierto Internacional Ciudad de Se"]
[Site "Sevilla (SPAIN)"]
[Date "2017.01.15"]
[Round "3.3"]
[White "Gutierrez Olivares, Daniel"]
[Black "Lopez Martinez, Josep Manuel"]
[Result "0-1"]
[WhiteElo "2313"]
[BlackElo "2552"]
[PlyCount "88"]
[EventDate "2017.01.13"]

1. c4 e5 2. Nc3 Bb4 3. g3 Bxc3 4. bxc3 d6 5. Bg2 Ne7 6. Rb1 Nbc6 7. d3 O-O 8.
Nh3 Bd7 9. f4 Qc8 10. Nf2 Rb8 11. O-O b6 12. Qc2 Kh8 13. Bd2 f6 14. e4 exf4 15.
Bxf4 Be6 16. Nd1 Bh3 17. Bxh3 Qxh3 18. Qg2 Qd7 19. Bd2 Ne5 20. Qe2 f5 21. d4
N5g6 22. exf5 Rxf5 23. Ne3 Ra5 24. Rb2 Re8 25. Rf7 Qe6 26. Qf1 Kg8 27. Rf3 Rf8
28. Rxf8+ Nxf8 29. Bc1 Qg6 30. Rf2 Nd7 31. c5 Qe6 32. cxd6 cxd6 33. Qc4 d5 34.
Qc7 h6 35. Ng2 Nf6 36. Nf4 Qe1+ 37. Rf1 Qe4 38. Rf2 Ng6 39. Re2 Qb1 40. Nxg6
Qxg6 41. a3 Kh7 42. c4 Ne4 {Ilegible por apuro de tiempo} 43. Re3 Ra4 44. Qf4
Rxc4 0-1

[Event "XLII Abierto Internacional Ciudad de Se"]
[Site "Sevilla (SPAIN)"]
[Date "2017.01.15"]
[Round "3.4"]
[White "Saric, Ante"]
[Black "Lopez Gonzalez, Daniel"]
[Result "1-0"]
[WhiteElo "2542"]
[BlackElo "2307"]
[PlyCount "63"]
[EventDate "2017.01.13"]

1. d4 Nf6 2. c4 g6 3. Nc3 Bg7 4. e4 d6 5. Be2 O-O 6. Nf3 e5 7. dxe5 dxe5 8.
Qxd8 Rxd8 9. Bg5 Re8 10. Nd5 Nxd5 11. cxd5 c6 12. Bc4 cxd5 13. Bxd5 Nd7 14. Nd2
Nb6 15. Bb3 Be6 16. Be3 Rac8 17. Ke2 Nc4 18. Nxc4 Bxc4+ 19. Kf3 a6 $6 (19...
Bxb3 $142 20. axb3 a6 21. Rhd1 $11) 20. Bxc4 Rxc4 21. Rac1 Rec8 {Diagrama [#]}
(21... Ra4 $142 22. Rc7 b5 23. a3 f5 24. Rd1 Rxe4 25. Rdd7 Bf8 26. Rxh7 Rd8 $11
) 22. Rxc4 Rxc4 23. Rd1 h5 $6 (23... Kf8 $142 24. Rd7 b5 25. Ra7 Rc6 $14) 24.
Rd8+ Kh7 25. Rd7 Rb4 26. b3 a5 27. Bd2 Rb6 28. Bxa5 Rf6+ 29. Ke2 Rc6 30. Rc7
Rxc7 31. Bxc7 f6 32. Kd3 1-0

[Event "XLII Abierto Internacional Ciudad de Se"]
[Site "Sevilla (SPAIN)"]
[Date "2017.01.15"]
[Round "3.5"]
[White "Kogan, Arthur"]
[Black "Montero Melendez, Rafael"]
[Result "0-1"]
[WhiteElo "2530"]
[BlackElo "2304"]
[PlyCount "66"]
[EventDate "2017.01.13"]

1. e4 e5 2. Nf3 Nc6 3. Bc4 Bc5 4. c3 Nf6 5. d3 a6 6. O-O Ba7 7. a4 d6 8. Na3
O-O 9. Bg5 h6 10. Bh4 g5 11. Nxg5 hxg5 12. Bxg5 Kg7 13. Qf3 Be6 14. Nc2 Nb8 15.
Ne3 Nbd7 16. Qg3 Rg8 17. Bxe6 fxe6 18. f4 Nh5 19. Qh3 Bxe3+ 20. Qxe3 exf4 21.
Bxf4 Qe8 22. e5 Qg6 23. exd6 Kh7 24. Bg5 cxd6 25. h4 Ne5 26. Qb6 Rg7 27. Rae1
Qxd3 28. Rd1 Qg3 29. Qxd6 Rag8 {Diagrama [#]} 30. Qxe6 $2 (30. Qd4 Ng4 31. Qd3+
Qxd3 32. Rxd3 $17) 30... Rxg5 31. hxg5 Qe3+ 32. Kh2 Nf3+ 33. gxf3 Qxe6 0-1

[Event "XLII Abierto Internacional Ciudad de Se"]
[Site "Sevilla (SPAIN)"]
[Date "2017.01.15"]
[Round "3.6"]
[White "Burmakin, Vladimir"]
[Black "Parligras, Cosmin"]
[Result "1-0"]
[WhiteElo "2526"]
[BlackElo "2266"]
[PlyCount "121"]
[EventDate "2017.01.13"]

1. d4 Nf6 2. Nf3 e6 3. c4 b6 4. g3 Bb7 5. Bg2 Be7 6. O-O O-O 7. Re1 d6 8. Nc3
Ne4 9. Qd3 f5 10. Nd2 d5 11. cxd5 exd5 12. Nf3 c5 13. dxc5 bxc5 14. Rd1 c4 15.
Qc2 Na6 16. Be3 Nb4 17. Qc1 {Diagrama [#]} Qa5 18. Nd4 Rae8 19. a3 Na6 20. Nxe4
fxe4 21. b3 cxb3 22. Nxb3 Qa4 23. Nd4 Nc5 24. Rb1 Ba6 25. Bh3 Bc8 26. Bxc8 Rxc8
27. Qb2 Bf6 28. Qb5 Rfd8 29. Rdc1 a6 30. Qb4 a5 31. Qb5 Qxb5 32. Rxb5 Na4 33.
Rxc8 Rxc8 34. Rxd5 Nc3 35. Rd7 Bxd4 36. Bxd4 Nxe2+ 37. Kg2 Nxd4 38. Rxd4 e3 39.
fxe3 Rc3 40. Ra4 Rxe3 41. Rxa5 Re2+ 42. Kh3 Kf7 43. a4 Ra2 44. g4 h6 45. Rf5+
Kg6 46. a5 Ra3+ 47. Kg2 Ra2+ 48. Kg3 Ra3+ 49. Kf4 Ra4+ 50. Ke3 h5 51. Rxh5 Rxg4
52. Rb5 Ra4 53. Kd3 Ra2 54. h4 Ra4 55. h5+ Kh6 56. Kc3 g5 57. hxg6 Kxg6 58. Kb3
Ra1 59. Kb4 Kf6 60. Kc5 Ke6 61. Kb6 1-0

[Event "XLII Abierto Internacional Ciudad de Se"]
[Site "Sevilla (SPAIN)"]
[Date "2017.01.15"]
[Round "3.7"]
[White "Silva Lucena, Cristian"]
[Black "Gleizerov, Evgeny"]
[Result "0-1"]
[WhiteElo "2254"]
[BlackElo "2518"]
[PlyCount "162"]
[EventDate "2017.01.13"]

1. e4 e6 2. d4 d5 3. Nd2 Nf6 4. e5 Nfd7 5. f4 c5 6. Ngf3 cxd4 7. Nb3 Nc6 8.
Nfxd4 Nxd4 9. Qxd4 Qb6 10. Be3 Qxd4 11. Bxd4 Nb8 12. O-O-O Bd7 13. Bc5 Nc6 14.
Bxf8 Rxf8 15. Nc5 O-O-O 16. g3 b6 17. Nb3 f6 18. Bb5 Nb4 19. a3 Na2+ 20. Kb1
Bxb5 21. Nd4 Bd7 22. Kxa2 fxe5 23. fxe5 Rf2 24. Kb1 Rdf8 25. Kc1 Kd8 26. Rd2
Ke7 27. Re1 Be8 28. Rxf2 Rxf2 29. Re2 Rf1+ 30. Kd2 Bh5 31. Rg2 Bf3 32. Nxf3
Rxf3 33. Re2 Kf7 34. Re3 Rf2+ 35. Re2 Rxe2+ 36. Kxe2 Kg6 37. Ke3 Kf5 38. Kd4
Kg4 39. b3 Kh3 40. c4 dxc4 41. bxc4 Kxh2 42. c5 bxc5+ 43. Kxc5 Kxg3 44. Kd6 h5
45. Kxe6 h4 46. Kd6 h3 47. e6 h2 48. e7 h1=Q 49. e8=Q Qh6+ 50. Kd5 Qg5+ 51. Kc4
Qf4+ 52. Kb5 g5 53. Ka6 Kf2 54. Kxa7 g4 55. Qc6 g3 56. Qc2+ Kg1 57. Kb7 g2 58.
a4 Kf1 59. Qd1+ Kf2 60. Qc2+ Kg3 61. Qg6+ Qg4 62. Qd6+ Kh3 63. Qh6+ Qh4 64.
Qe3+ Kh2 65. Qe5+ Kh1 66. Qd5 Qb4+ 67. Kc7 Qe7+ 68. Kb6 Qf6+ 69. Kb7 Kh2 70.
Qd2 Kg3 71. Qe1+ Qf2 72. Qe5+ Qf4 73. Qg7+ Kf3 74. Qc3+ Kf2 75. Qc2+ Kg3 76.
Qg6+ Qg4 77. Qd6+ Kh3 78. Qh6+ Qh4 79. Qe6+ Kh2 80. Qd6+ Kh1 81. Qc6 Qb4+ {
Diagrama [#] Resto ilegible} 0-1

[Event "XLII Abierto Internacional Ciudad de Se"]
[Site "Sevilla (SPAIN)"]
[Date "2017.01.15"]
[Round "3.8"]
[White "Lemos, Damian"]
[Black "Chetverik, Maxim"]
[Result "1-0"]
[WhiteElo "2516"]
[BlackElo "2241"]
[PlyCount "101"]
[EventDate "2017.01.13"]

1. d4 f5 2. g3 Nf6 3. Bg2 e6 4. Nf3 Be7 5. O-O O-O 6. c4 Ne4 7. Nbd2 Bf6 8. b3
Nc6 9. Bb2 d5 10. e3 a5 11. a3 Bd7 12. Rc1 Be8 13. Ne1 Bf7 14. Nd3 Qe7 15. Nf3
Rfd8 16. Qc2 Rac8 17. c5 Be8 18. Nfe5 b5 19. f3 Ng5 20. Qd2 Ra8 21. Rfe1 Nf7
22. Qf2 Rab8 23. Bc3 Bxe5 24. dxe5 b4 25. axb4 axb4 26. Bb2 Ra8 27. Ra1 Rdb8
28. Qd2 Na5 29. Qc2 Bc6 30. Bd4 Qd8 31. Ra2 Be8 32. Rea1 Nc6 33. Qd2 Rxa2 34.
Rxa2 Qc8 35. Qe1 g5 36. Bf1 Nfd8 37. Qa1 Qb7 38. Ne1 Nxd4 39. exd4 Bb5 40. Ra7
Qc6 41. Nd3 Bc4 {Diagrama [#]} 42. Qc1 h6 43. Qd2 Bxb3 44. Nxb4 Qd7 45. Na6 Qa4
46. Rxc7 Ra8 47. Qb4 Rxa6 48. Qxa4 Rxa4 49. Rc8 Rxd4 50. Rxd8+ Kf7 51. c6 1-0

[Event "XLII Abierto Internacional Ciudad de Se"]
[Site "Sevilla (SPAIN)"]
[Date "2017.01.15"]
[Round "3.9"]
[White "Petkov, Vladimir"]
[Black "Sgnaolin, Davide"]
[Result "1-0"]
[WhiteElo "2500"]
[BlackElo "2241"]
[PlyCount "69"]
[EventDate "2017.01.13"]

1. d4 Nf6 2. Bf4 e6 3. e3 b6 4. Nf3 Bb7 5. c4 Be7 6. Nc3 Nh5 7. Bg3 d6 8. Bd3
Nd7 9. Qc2 g6 10. Be4 Qc8 11. Bxb7 Qxb7 12. d5 e5 13. Nd2 f5 14. f3 {Diagrama 
[#]} O-O 15. Bf2 Ndf6 16. O-O Qc8 17. b4 Kh8 18. a4 Qd7 19. a5 g5 20. Qa4 Qxa4
21. Rxa4 g4 22. Nb5 gxf3 23. gxf3 Rg8+ 24. Kh1 e4 25. fxe4 Nxe4 26. Nxe4 fxe4
27. axb6 axb6 28. Rxa8 Rxa8 29. Nxc7 Rc8 30. Ne6 Ng7 31. Nd4 Rf8 32. Kg2 Bg5
33. h4 Bf6 34. Bg3 Ne8 35. Nf5 1-0

[Event "XLII Abierto Internacional Ciudad de Se"]
[Site "Sevilla (SPAIN)"]
[Date "2017.01.15"]
[Round "3.10"]
[White "Damia, Angelo"]
[Black "Karthikeyan, P."]
[Result "1/2-1/2"]
[WhiteElo "2233"]
[BlackElo "2488"]
[PlyCount "59"]
[EventDate "2017.01.13"]

1. e4 e5 2. Nf3 Nc6 3. Bc4 Bc5 4. b4 Bxb4 5. c3 Ba5 6. d4 exd4 7. O-O d3 8. Re1
Nge7 9. Ng5 Ne5 10. Nxf7 Nxf7 11. Bxf7+ Kxf7 12. Qh5+ Kg8 13. Qxa5 d6 14. e5 d5
15. Bg5 Nc6 16. Bxd8 Nxa5 17. Bxc7 Nc4 18. e6 Kf8 19. Na3 Ke8 20. Nb5 d2 21.
Re2 Bxe6 22. Bf4 Rf8 23. Bxd2 Kd7 24. Rae1 Nxd2 25. Rxd2 a6 26. Rde2 Rf6 27.
Nd4 Re8 28. Rb2 Kc7 29. Rbe2 Kd7 30. Rb2 {Diagrama [#]} 1/2-1/2

[Event "XLII Abierto Internacional Ciudad de Se"]
[Site "Sevilla (SPAIN)"]
[Date "2017.01.15"]
[Round "3.11"]
[White "Deepan, Chakkravarthy J"]
[Black "Rincon Bascon, Jorge"]
[Result "1-0"]
[WhiteElo "2485"]
[BlackElo "2191"]
[PlyCount "41"]
[EventDate "2017.01.13"]

1. Nf3 Nf6 2. g3 g6 3. Bg2 Bg7 4. O-O O-O 5. d4 c5 6. c4 Na6 7. Nc3 d6 8. h3
Bd7 9. b3 Bc6 10. e3 b6 11. Bb2 {Diagrama [#]} Nc7 12. Qc2 Rb8 13. Rad1 cxd4
14. exd4 e6 15. Rfe1 b5 16. d5 exd5 17. Nd4 Bd7 18. cxb5 Nxb5 19. Ndxb5 Bxb5
20. Nxd5 Rc8 21. Qxc8 1-0